Music Quiz

Random Music or Song Quiz

Bayside songs Quiz Stats

Quiz not verified by Sporcle

Challenge
Share
Tweet
Embed
Score 0/61 Timer 08:00
0 Plays Today
% Correct
Devotion And Desire
72%
Masterpiece
61.5%
Montauk
59%
Don't Call Me Peanut
57.8%
The Walking Wounded
57.1%
Duality
56.5%
Boy
53.4%
Blame It On Bad Luck
51.6%
Winter
50.9%
They're Not Horses, They're Unicorns
49.7%
I And I
47.2%
Hello ****
45.3%
Carry On
45.3%
We'll Be Ok
44.7%
No One Understands
41.6%
Dear Tragedy
38.5%
A Call To Arms
38.5%
Howard
37.9%
They Looked Like Strong Hands
36.6%
Landing Feet First
36%
Demons
34.8%
Guardrail
34.2%
Tortures Of The Damned
34.2%
Dear Your Holiness
31.1%
Half A Life
30.4%
Have Fun Storming The Castle
30.4%
Head On A Plate
29.8%
Kellum
29.2%
I Can't Go On
29.2%
Phone Call From Poland
28.6%
Poison In My Veins
28%
% Correct
What And What Not
28%
I Think I'll Be Ok
28%
Moceanu
28%
The Ghost Of Saint Valentine
26.1%
Alcohol And Alter Boys
24.8%
(POP)Ular SciencE
24.8%
Just Enough To Love You
24.2%
Just Enough To Love You
24.2%
Thankfully
24.2%
Cold and Blue And LIfeless
23.6%
Baby Britain
23.6%
Choice Hops And Bottled Self Esteem
23%
A RIte Of Passage
23%
Existing In A Crisis(Evelyn)
22.4%
If You're Bored
21.7%
Loveless Wrists
21.1%
How To Fix Everything
19.3%
Talking Of Michelangelo
18%
A Synonym For Acquiesce
16.1%
Paternal Reversal
16.1%
Roshambo (Rock, Paper, Scissors)
13%
Answers We'll Never Get
12.4%
Downtime
9.3%
Foot Impressions
8.7%
Ask For It
8.1%
Advance Letter Goodbye
5.6%
You've Already Been
5.6%
Days of My Life
3.7%
Rd Head Vs. The Pretty Red Bracelet
1.9%
Count The Score
-0.6%

You're not logged in!

Compare scores with friends on all Sporcle quizzes.
Join for Free
OR
Log In

You Might Also Like...

Show Comments

Extras

Top Quizzes Today


Score Distribution

Your Account Isn't Verified!

In order to create a playlist on Sporcle, you need to verify the email address you used during registration. Go to your Sporcle Settings to finish the process.

Report this User

Report this user for behavior that violates our Community Guidelines.

Details: